Adhoc : arquitectura, turismo, arte /
Publicación bimestral sobre arquitectura nacida en 1998 en la ciudad de Morelia, México. En las páginas de Adhoc se presentan actualidades de arquitectura moderna mexicana, así como sitios turísticos de interés arquitectónico y monografías de artistas cuya obra tiene que ver con la arquitectura o la...
Na minha lista:
| Outros Autores: | |
|---|---|
| Formato: | Livro |
| Idioma: | espanhol |
| Assuntos: | |
| Tags: |
Sem tags, seja o primeiro a adicionar uma tag!
|
MARC
| LEADER | 00000nam^a2200000^a^4500 | ||
|---|---|---|---|
| 001 | 000262904 | ||
| 005 | 20250521000000.0 | ||
| 009 | 20260310110556.669 | ||
| 022 | |a 1405-7700 | ||
| 037 | |a Acervo ITESO - Biblioteca | ||
| 041 | |a ESP | ||
| 082 | |a 720. 5 |b ADH V. 26 | ||
| 240 | 1 | 1 | |a [Adhoc: arquitectura, turismo, arte] |
| 245 | 0 | 0 | |a Adhoc : |b arquitectura, turismo, arte / |c Dir. de C. Pimentel Ortiz. |
| 264 | |a Morelia, México : |b Sociedad Editora Adhoc, |c fecha no identificada | ||
| 300 | |a 66 p. | ||
| 336 | |a texto |b txt |2 rdacontenido | ||
| 337 | |a sin mediación |b n |2 rdamedio | ||
| 338 | |a volumen |b nc |2 rdasoporte | ||
| 520 | |a Publicación bimestral sobre arquitectura nacida en 1998 en la ciudad de Morelia, México. En las páginas de Adhoc se presentan actualidades de arquitectura moderna mexicana, así como sitios turísticos de interés arquitectónico y monografías de artistas cuya obra tiene que ver con la arquitectura o las expresiones artísticas contemporáneas. | ||
| 649 | |a XX | ||
| 650 | |a Arquitectura - |x Publicaciones Periódicas Mexicanas - |x Tema Principal | ||
| 650 | |a Arquitectos Mexicanos | ||
| 650 | |a Arquitectos Holandeses | ||
| 650 | |a Pintores Mexicanos | ||
| 650 | |a Artistas Mexicanos | ||
| 650 | |a Artistas Holandeses | ||
| 650 | |a Gasolinerías - |z Zapopan, Jalisco | ||
| 650 | |a Gasolinerías - |z Jalisco | ||
| 650 | |a Gasolinerías - |z México | ||
| 650 | |a Jardines de Niños - |z San Luis Potosí | ||
| 650 | |a Jardines de Niños - |z México | ||
| 650 | |a Vivienda - |z Michoacán | ||
| 650 | |a Vivienda - |z México | ||
| 650 | |a Cafeterías y Restaurantes - |z México (Ciudad) | ||
| 650 | |a Cafeterías y Restaurantes - |z México | ||
| 650 | |a Surrealismo | ||
| 650 | |a Pintura Moderna - |z México | ||
| 650 | |a Pintura Mexicana - |x Historia y Crítica | ||
| 650 | |a Arquitectura Virreinal - |z Pátzcuaro, Michoacán | ||
| 650 | |a Arquitectura Virreinal - |z México | ||
| 650 | |a Arquitectura Moderna | ||
| 650 | |a Arquitectura Mexicana - |y Siglo XX | ||
| 650 | |a Arquitectura Holandesa - |y Siglo XX | ||
| 650 | |a Arte Virreinal - |z Pátzcuaro, Michoacán | ||
| 650 | |a Arte Virreinal - |z México | ||
| 650 | |a Arte Moderno | ||
| 650 | |a Arte Mexicano - |y Siglo XX | ||
| 650 | |a Arte Holandés - |y Siglo XX | ||
| 650 | |a Madrid Macedo, José Antonio | ||
| 650 | |a Koolhaas, Rem | ||
| 650 | |a Publicaciones Periódicas Mexicanas | ||
| 700 | |a Pimentel Ortiz, Carlos |e (dirección) | ||
| 910 | |a Fondo Julio de la Peña Lomelín | ||
| 920 | |a Impresos - Libros | ||
| 930 | |a Arquitectos Jaliscienses | ||
| 905 | |a 115 | ||
| 901 | |a 0500144107 |b IT1 |c JAL |u 20250521 | ||
| 902 | |a https://opac.biblio.iteso.mx/vufind/Record/000262904 | ||